| 000 | 00000nam##2200000za#4500 |
| 001 | 9.687820 |
| 003 | CaOODSP |
| 005 | 20210624231141 |
| 007 | cr ||||||||||| |
| 008 | 150407|2004||||xxc|||||o f|0| 0 eng|d |
| 040 | |aCaOODSP|beng |
| 043 | |an-cn--- |
| 086 | 1 |aSW21-127/2004E-PDF |
| 110 | 1 |aCanada. |bStatus of Women Canada. |
| 245 | 10|aGender-based analysis (GBA) on-line discussion |h[electronic resource] |
| 246 | 3 |aAn integrated approach to gender-based analysis |
| 260 | |aOttawa - Ontario : |bStatus of Women Canada |c[2004]. |
| 300 | |a1p. |
| 590 | |a05-40|b2005-10-07 |
| 590 | |a06-10-Supp|b2006-12-15 |
| 690 | 07|aGender equality|2gcpds |
| 775 | 08|tDiscussion en direct sur l'analyse comparative entre les sexes (ACS) |w(CaOODSP)9.632260 |
| 776 | 0#|tGBA on-line discussion |w(CaOODSP)9.666927 |
| 776 | 0#|tDiscussion en direct sur l'ACS |w(CaOODSP)9.666928 |
| 856 | 40|ahttp://publications.gc.ca|qPDF|s74 KB|uhttps://publications.gc.ca/collections/Collection/SW21-127-2004E.pdf |